| 000 | 00336nam a22001457a 4500 | ||
|---|---|---|---|
| 003 | SGT | ||
| 082 |
_a617.51 _bD15D |
||
| 100 | _aDHINGRA, PL | ||
| 245 | _aDISEASES OF EAR, NOSE AND THROAT & HEAD AND NECK SURGERY | ||
| 250 | _a6TH | ||
| 260 |
_aINDIA _bELSEVIER PUB _c2015 |
||
| 300 | _a476 | ||
| 650 | _aHOMOEOPATHIC | ||
| 942 |
_2ddc _cBK |
||
| 999 |
_c18607 _d18607 |
||